00595nam a2200229Ia 4500008004100000020001800041050001700059050001400076100002200090245004700112245002200159250001600181260001600197260003400213260000900247300001600256300002000272300001100292500002000303650002200323650002000345180523s9999 xx 000 0 und d a0-8053-7328-4 aMAIN QP 34.5 b.M37 2006 aMarieb, Elaine N. 0aEssentials of human anatomy & physiology / 0cElaine N. Marieb. a8th Edition aSingapore : bPearson Education South Asia, c2006 a606 pages : billustrations ; c26 cm. aIncludes index. aHuman physiology. xHuman anatamoy.